Geometría analítica, descriptiva y proyectiva para arquitectos y diseñadores
Wedi'i Gadw mewn:
| Prif Awduron: | , |
|---|---|
| Fformat: | Llyfr |
| Iaith: | Sbaeneg |
| Cyhoeddwyd: |
Ciudad de México
Pearson Educación
2002
|
| Rhifyn: | 1a. ed |
| Pynciau: | |
| Tagiau: |
Ychwanegu Tag
Dim Tagiau, Byddwch y cyntaf i dagio'r cofnod hwn!
|
MARC
| LEADER | 00000nam a2200000 a 4500 | ||
|---|---|---|---|
| 001 | UCK9415 | ||
| 003 | CL-VaPUC | ||
| 008 | 060512e20020000MX |||||||||||||||||spa|d | ||
| 020 | |a 970260267X | ||
| 082 | 0 | 4 | |a 516.3 |b HER |2 21 |
| 100 | 0 | |a Herrera Batista, Miguel Angel |e author |9 499202 | |
| 700 | 0 | |a Montero López, Francisco |e author |9 499203 | |
| 245 | 1 | 0 | |a Geometría analítica, descriptiva y proyectiva para arquitectos y diseñadores |
| 250 | |a 1a. ed | ||
| 300 | |a 243 p | ||
| 942 | |c BK | ||
| 945 | |d 20060512 00:00:00 |a cmena | ||
| 260 | |a Ciudad de México |b Pearson Educación |c 2002 | ||
| 650 | 0 | |a Geometría analítica |9 260062 | |
| 650 | 0 | |a Modelos matemáticos |9 259437 | |
| 650 | 0 | |a Ecuaciones |9 260137 | |
| 650 | 0 | |a Cálculo diferencial |9 260102 | |
| 583 | |a last modification |c 20060512 00:00:00 |k Rodrigo Vera | ||
| 999 | |c 316622 |d 316620 | ||
| 952 | |0 0 |1 0 |4 0 |6 516_300000000000000_HER_2002 |7 0 |8 A |9 391197 |a BIBMAT |b BIBMAT |d 2019-11-22 |i 4229401 |o 516.3 HER 2002 |p 4229401 |r 2025-01-07 |w 2019-11-22 |y BK |k MAT | ||
| 952 | |0 0 |1 0 |4 0 |6 516_300000000000000_HER_2002 |7 0 |8 A |9 391198 |a BIBMAT |b BIBMAT |d 2019-11-22 |i 422941K |o 516.3 HER 2002 |p 422941K |r 2025-01-07 |w 2019-11-22 |y BK |k MAT | ||
| 952 | |0 0 |1 0 |4 0 |6 516_300000000000000_HER_2002 |7 0 |8 A |9 391199 |a BIBMAT |b BIBMAT |d 2019-11-22 |i 4229428 |l 1 |o 516.3 HER 2002 |p 4229428 |q 2024-06-13 |r 2024-06-06 |s 2024-06-06 |w 2019-11-22 |y BK |k MAT | ||
| 952 | |0 0 |1 0 |4 0 |6 516_300000000000000_HER_2002 |7 0 |8 A |9 391200 |a BIBMAT |b BIBMAT |d 2019-11-22 |i 4290038 |l 2 |o 516.3 HER 2002 |p 4290038 |r 2025-01-07 |s 2022-08-18 |w 2019-11-22 |y BK |k MAT | ||
| 952 | |0 0 |1 0 |4 0 |6 516_300000000000000_HER_2002 |7 0 |8 A |9 391201 |a BIBMAT |b BIBMAT |d 2019-11-22 |i 4290534 |l 1 |o 516.3 HER 2002 |p 4290534 |r 2025-01-07 |s 2023-03-27 |w 2019-11-22 |y BK |k MAT | ||